[Event "Portugal Open 2018"]
[Site "Lisboa POR"]
[Date "2018.02.04"]
[Round "4.88"]
[White "Fidalgo, Daniel"]
[Black "Soares, Pedro Pita"]
[Result "1-0"]
[WhiteElo "1966"]
[BlackElo "1713"]
[WhiteFideId "1934279"]
[BlackFideId "1931725"]
[WhiteCountry "POR"]
[BlackCountry "POR"]
[PlyCount "87"]
[EventDate "2018.??.??"]

1. c4 c6 2. g3 d5 3. d4 Nf6 4. Nc3 e6 5. Nf3 Bb4 6. Qb3 Be7 7. Bg2 O-O 8. O-O
Nbd7 9. cxd5 exd5 10. Bf4 Nh5 11. Ne5 Nxf4 12. gxf4 Nf6 13. e3 Qb6 14. Qc2 g6
15. a3 Bf5 16. Qd2 Qd8 17. f3 Bc8 18. Ne2 h5 19. h3 Re8 20. Kh2 Bf8 21. Rg1 Bh6
22. Bh1 Kg7 23. Rad1 Qe7 24. Qd3 Qe6 25. Rxg6+ fxg6 26. Qxg6+ Kf8 27. f5 Ng4+
28. hxg4 Qxg6 29. fxg6 hxg4 30. f4 Bg7 31. Ng3 Bxe5 32. dxe5 Kg7 33. e4 Rh8+ 34.
Kg1 Rh3 35. Kf2 Rh2+ 36. Bg2 dxe4 37. Kg1 Rxg2+ 38. Kxg2 Kxg6 39. Rd6+ Kf7 40.
Nxe4 Ke7 41. Ng5 Bd7 42. Rh6 Rf8 43. Rh7+ Kd8 44. e6 1-0

[Event "Portugal Open 2018"]
[Site "Lisboa POR"]
[Date "2018.02.04"]
[Round "4.89"]
[White "Avelino, Camila"]
[Black "Candeias, Humberto"]
[Result "0-1"]
[WhiteElo "1694"]
[BlackElo "1935"]
[WhiteFideId "1938975"]
[BlackFideId "1903454"]
[WhiteCountry "POR"]
[BlackCountry "POR"]
[PlyCount "82"]
[EventDate "2018.??.??"]

1. e4 e5 2. Nf3 Nc6 3. Bb5 f5 4. d3 fxe4 5. dxe4 Nf6 6. Qd3 Bc5 7. Nc3 a6 8.
Bxc6 bxc6 9. Nxe5 Qe7 10. Nf3 d6 11. h3 a5 12. Nd2 O-O 13. Ne2 Bxf2+ 14. Kxf2
Nxe4+ 15. Ke1 Nf2 16. Qc4+ Be6 17. Qxc6 Nxh1 18. Nf3 h6 19. Kf1 Qh4 20. Be3 Qc4
21. Qxc4 Bxc4 22. Bf2 Rae8 23. Re1 Rxe2 24. Rxe2 Re8 25. Ng1 Nxf2 26. Kxf2 Bxe2
27. Nxe2 Kf7 28. Nd4 Re5 29. c3 a4 30. Kf3 Ke8 31. g4 g6 32. Nc2 Kd7 33. Kf2 d5
34. Kf3 c5 35. b3 Kc6 36. b4 Re4 37. bxc5 Kxc5 38. Ne3 Re8 39. Ke2 d4 40. cxd4+
Kxd4 41. Kd2 Rxe3 0-1

[Event "Portugal Open 2018"]
[Site "Lisboa POR"]
[Date "2018.02.04"]
[Round "4.90"]
[White "Partoens, Remi"]
[Black "Carpentier, Jannes"]
[Result "0-1"]
[WhiteElo "1663"]
[BlackElo "1933"]
[WhiteFideId "237108"]
[BlackFideId "235059"]
[WhiteCountry "BEL"]
[BlackCountry "BEL"]
[PlyCount "49"]
[EventDate "2018.??.??"]

1. e4 g6 2. d4 Bg7 3. Nc3 d6 4. Be3 a6 5. Qd2 Nd7 6. f3 b5 7. O-O-O Bb7 8. Nge2
c5 9. g4 b4 10. Nb1 Qa5 11. a3 Nb6 12. Ng3 Rc8 13. dxc5 dxc5 14. axb4 cxb4 15.
Bxb6 Qxb6 16. Bc4 Nf6 17. e5 Rxc4 18. exf6 Bxf6 19. Qd7+ Kf8 20. Qd8+ Qxd8 21.
Rxd8+ Kg7 22. Rxh8 Kxh8 23. Nd2 Bg5 24. Rf1 Rd4 25. Rf2 0-1

[Event "Portugal Open 2018"]
[Site "Lisboa POR"]
[Date "2018.02.04"]
[Round "4.91"]
[White "Pérez Bolanos, David"]
[Black "Höbarth, Günter"]
[Result "0-1"]
[WhiteElo "1651"]
[BlackElo "1931"]
[WhiteFideId "24564400"]
[BlackFideId "1610198"]
[WhiteCountry "ESP"]
[BlackCountry "AUT"]
[PlyCount "88"]
[EventDate "2018.??.??"]

1. d4 d6 2. Nf3 Bg4 3. Bf4 Nf6 4. e3 Nh5 5. Bg5 c6 6. h3 Qa5+ 7. Qd2 Qxd2+ 8.
Nbxd2 Be6 9. e4 h6 10. Be3 g5 11. O-O-O Nf6 12. e5 Nd5 13. exd6 Nxe3 14. fxe3
exd6 15. Bd3 Nd7 16. Rhf1 O-O-O 17. e4 Bg7 18. c3 Rhf8 19. g4 Nb6 20. Ne1 h5 21.
Be2 Rde8 22. Nc2 c5 23. d5 Bxd5 24. exd5 Rxe2 25. Nf3 hxg4 26. hxg4 Nc4 27. Nxg5
Bh6 28. Rf5 Rxc2+ 29. Kxc2 Ne3+ 30. Kd3 Nxf5 31. gxf5 Bxg5 32. Rg1 Bf6 33. Re1
a6 34. b3 Rh8 35. Re3 Kd7 36. a4 b5 37. axb5 axb5 38. c4 b4 39. Rf3 Rh2 40. Ke4
Rc2 41. Kf4 Rc3 42. Kg4 Ke7 43. Kf4 Be5+ 44. Kg4 Kf6 0-1

[Event "Portugal Open 2018"]
[Site "Lisboa POR"]
[Date "2018.02.04"]
[Round "4.92"]
[White "Turta, Stelian"]
[Black "Alves, Fernando"]
[Result "1-0"]
[WhiteElo "1922"]
[BlackElo "1701"]
[WhiteFideId "1924680"]
[BlackFideId "1905678"]
[WhiteCountry "POR"]
[BlackCountry "POR"]
[PlyCount "77"]
[EventDate "2018.??.??"]

1. d4 Nf6 2. Bf4 g6 3. h3 Bg7 4. e3 O-O 5. c4 c5 6. Nf3 d6 7. Nc3 Nbd7 8. Be2 b6
9. O-O Bb7 10. Rb1 Re8 11. Nb5 a6 12. Nc3 cxd4 13. exd4 d5 14. b3 Ne4 15. Rc1
Nxc3 16. Rxc3 Nf6 17. Re1 Rc8 18. Bd3 e6 19. Bg5 Qd6 20. Be3 Nd7 21. Be2 Nf6 22.
Nd2 e5 23. dxe5 Qxe5 24. Rd3 Qe6 25. Bd4 Bh6 26. Bxf6 Bxd2 27. cxd5 Qxf6 28.
Qxd2 Qd6 29. Rd1 Rc7 30. Bf3 Rec8 31. a4 a5 32. Bg4 f5 33. Bf3 Rc2 34. Qh6 Qc5
35. Qh4 Rc1 36. Qf6 Re8 37. Rxc1 Qxc1+ 38. Rd1 Qf4 39. Qxb6 1-0

[Event "Portugal Open 2018"]
[Site "Lisboa POR"]
[Date "2018.02.04"]
[Round "4.93"]
[White "Stokes, Paul"]
[Black "Guia, Artur"]
[Result "1-0"]
[WhiteElo "1916"]
[BlackElo "1668"]
[WhiteFideId "419010"]
[BlackFideId "1946781"]
[WhiteCountry "ENG"]
[BlackCountry "POR"]
[PlyCount "77"]
[EventDate "2018.??.??"]

1. d4 d5 2. c4 e6 3. Nf3 Nf6 4. g3 Be7 5. Bg2 O-O 6. O-O Nbd7 7. Nbd2 b6 8. cxd5
exd5 9. Ne5 Bb7 10. Ndf3 Nxe5 11. Nxe5 Ne4 12. Qc2 Bf6 13. Bf4 Bxe5 14. Bxe5 Rc8
15. Bh3 f5 16. Rac1 c6 17. Bg2 Qd7 18. h4 Rce8 19. Qd3 Re6 20. Qe3 Nd6 21. b3
Qe7 22. Qg5 Qxg5 23. hxg5 Nf7 24. f4 Nd6 25. e3 a5 26. Rfd1 b5 27. Rc5 Ra8 28.
Rdc1 Ra7 29. Rxc6 Bxc6 30. Rxc6 Rg6 31. Bxd5+ Kf8 32. Bxd6+ Ke8 33. Be5 b4 34.
Rxg6 hxg6 35. Bc6+ Kd8 36. d5 Re7 37. d6 Ra7 38. d7 Ra6 39. Ba4 1-0

[Event "Portugal Open 2018"]
[Site "Lisboa POR"]
[Date "2018.02.04"]
[Round "4.94"]
[White "Dias, José"]
[Black "Horta, António"]
[Result "0-1"]
[WhiteElo "1660"]
[BlackElo "1906"]
[WhiteFideId "1923943"]
[BlackFideId "1916971"]
[WhiteCountry "POR"]
[BlackCountry "POR"]
[PlyCount "102"]
[EventDate "2018.??.??"]

1. Nf3 d5 2. g3 Nf6 3. Bg2 e6 4. O-O Be7 5. d3 O-O 6. Nbd2 b6 7. e4 Bb7 8. e5
Nfd7 9. d4 c5 10. c3 Nc6 11. Re1 Rc8 12. h4 cxd4 13. cxd4 Nb4 14. Rb1 Qc7 15. a3
Nd3 16. Rf1 Ba6 17. Qa4 Qb7 18. Rd1 f6 19. Bh3 Rc6 20. b4 b5 21. Qb3 Nxc1 22.
Rbxc1 fxe5 23. Nxe5 Nxe5 24. dxe5 Qb6 25. Nf3 Rc4 26. Rf1 Bb7 27. Bg2 d4 28. Qd3
Bd5 29. Rfd1 Rd8 30. Nd2 Bxg2 31. Nxc4 bxc4 32. Qxc4 Bf3 33. Rd3 Be2 34. Qc2
Bxd3 35. Qxd3 Qb7 36. b5 Qd5 37. f4 Bc5 38. a4 Rb8 39. Kh2 Bb6 40. Kh3 Rd8 41.
h5 Rd7 42. Rc2 Rc7 43. Kg4 Rxc2 44. Qxc2 d3 45. Qc8+ Bd8 46. Qc1 d2 47. Qd1 Qd3
48. Kh3 Bb6 49. Kg2 Be3 50. Kh2 Bf2 51. Qg4 Qxg3+ 0-1

[Event "Portugal Open 2018"]
[Site "Lisboa POR"]
[Date "2018.02.04"]
[Round "4.95"]
[White "Silva, Daniel"]
[Black "Silva, Mariana"]
[Result "0-1"]
[WhiteElo "1536"]
[BlackElo "1901"]
[WhiteFideId "1951378"]
[BlackFideId "1911899"]
[BlackTitle "WCM"]
[WhiteCountry "POR"]
[BlackCountry "POR"]
[PlyCount "78"]
[EventDate "2018.??.??"]

1. e4 c6 2. d4 d5 3. exd5 cxd5 4. Nf3 Nf6 5. Be2 Nc6 6. O-O Bf5 7. Be3 e6 8. c3
Bd6 9. Nbd2 Qc7 10. h3 h6 11. Ne1 O-O 12. Bd3 Bxd3 13. Nxd3 Rac8 14. f4 Nd7 15.
Nf3 Ne7 16. Qd2 Nb6 17. Kh1 Nc4 18. Qe1 Nxe3 19. Qxe3 Nf5 20. Qf2 Bxf4 21. Nxf4
Qxf4 22. Ne5 Qxf2 23. Rxf2 Ng3+ 24. Kh2 Ne4 25. Rf4 b5 26. g4 Rc7 27. h4 Nd6 28.
Raf1 a5 29. a3 Ne4 30. Ng6 Rb8 31. Ne5 f6 32. Ng6 b4 33. cxb4 axb4 34. h5 Rc2+
35. Kg1 bxa3 36. bxa3 Rbb2 37. Nh4 Ng3 38. R4f2 Nxf1 39. Rxc2 Rxc2 0-1

[Event "Portugal Open 2018"]
[Site "Lisboa POR"]
[Date "2018.02.04"]
[Round "4.96"]
[White "Bártolo, Filipe"]
[Black "Skielnik, Joseph"]
[Result "1-0"]
[WhiteElo "1572"]
[BlackElo "1890"]
[WhiteFideId "1942565"]
[BlackFideId "423807"]
[WhiteCountry "POR"]
[BlackCountry "ENG"]
[PlyCount "113"]
[EventDate "2018.??.??"]

1. d4 d5 2. Bf4 Nf6 3. Nf3 Bf5 4. e3 e6 5. h3 Nbd7 6. Bd3 Bxd3 7. Qxd3 a6 8. O-O
Bd6 9. Ne5 Bxe5 10. Bxe5 Nxe5 11. dxe5 Nd7 12. f4 Qe7 13. Nd2 O-O-O 14. e4 Qc5+
15. Kh1 Nb6 16. Nb3 Qc4 17. Rfe1 Qxd3 18. cxd3 dxe4 19. dxe4 Rd3 20. f5 Nd7 21.
Rac1 Re8 22. Nc5 Nxc5 23. Rxc5 Rd2 24. Rec1 c6 25. R1c2 Rxc2 26. Rxc2 exf5 27.
exf5 Rxe5 28. g4 Kc7 29. Kg2 b6 30. Kf3 c5 31. Kf4 Re1 32. h4 Rd1 33. h5 Rd4+
34. Kf3 Kd6 35. Re2 Kd7 36. g5 Rd6 37. Kf4 b5 38. Rc2 c4 39. a4 Rc6 40. axb5
axb5 41. Ke4 Kd6 42. Rd2+ Ke7 43. Re2 Rd6 44. f6+ gxf6 45. Kf5+ Kd7 46. gxf6 b4
47. Re7+ Kc6 48. Rxf7 Rd2 49. Rxh7 Rxb2 50. f7 Rf2+ 51. Ke5 b3 52. Rh6+ Kb5 53.
Rf6 Rxf6 54. Kxf6 c3 55. f8=Q c2 56. Qa3 Kc4 57. Qb2 1-0

[Event "Portugal Open 2018"]
[Site "Lisboa POR"]
[Date "2018.02.04"]
[Round "4.97"]
[White "Gomes, José Luis"]
[Black "Vedor, Bernardo"]
[Result "1-0"]
[WhiteElo "1889"]
[BlackElo "1662"]
[WhiteFideId "1901710"]
[BlackFideId "1953540"]
[WhiteCountry "POR"]
[BlackCountry "POR"]
[PlyCount "81"]
[EventDate "2018.??.??"]

1. e4 e5 2. Nf3 Nc6 3. d4 exd4 4. c3 d5 5. exd5 Qxd5 6. Be2 Bf5 7. cxd4 Bxb1 8.
Rxb1 Bb4+ 9. Bd2 Bxd2+ 10. Qxd2 Nf6 11. O-O O-O 12. b3 Rad8 13. Bc4 Qd6 14. Rbd1
Rfe8 15. Qg5 Nd5 16. Qf5 Qg6 17. Qxg6 hxg6 18. Bb5 Re4 19. Bxc6 bxc6 20. Rc1 Re2
21. Rxc6 Rxa2 22. Re1 Rb2 23. Rc5 Rxb3 24. Ng5 Rbb8 25. g3 Nf6 26. Rxc7 Re8 27.
Rxe8+ Rxe8 28. Rxa7 Rf8 29. Kg2 Nh7 30. Nxh7 Kxh7 31. Kf3 f6 32. d5 Rd8 33. Ke4
g5 34. Ra6 Kg6 35. d6 Re8+ 36. Kd5 Re1 37. d7 Rd1+ 38. Ke6 Re1+ 39. Kd6 Rd1+ 40.
Kc7 Rc1+ 41. Rc6 1-0

[Event "Portugal Open 2018"]
[Site "Lisboa POR"]
[Date "2018.02.04"]
[Round "4.98"]
[White "Coimbra, João"]
[Black "Rumsey, Victor"]
[Result "0-1"]
[WhiteElo "1403"]
[BlackElo "1888"]
[WhiteFideId "1901435"]
[BlackFideId "432873"]
[WhiteCountry "POR"]
[BlackCountry "ENG"]
[PlyCount "92"]
[EventDate "2018.??.??"]

1. c3 d5 2. d3 Nf6 3. h3 g6 4. Nf3 Bg7 5. Bf4 O-O 6. Nbd2 c5 7. e3 Nc6 8. Be2
Re8 9. d4 Nd7 10. Nb3 c4 11. Nbd2 b5 12. h4 h5 13. Qc2 Nf6 14. Ne5 Nxe5 15. dxe5
Ng4 16. Nf3 e6 17. Rd1 Bb7 18. Rd2 Qc7 19. Nd4 Nxe5 20. Nxb5 Qc5 21. Bxe5 Bxe5
22. Nd4 f5 23. f4 Bf6 24. Rh3 Kh7 25. g3 Bc6 26. Kf2 Bd7 27. Rh2 e5 28. fxe5
Rxe5 29. Rh1 Rae8 30. Bf3 Rxe3 31. Re2 Rxe2+ 32. Bxe2 Bxd4+ 33. Kg2 Bf6 34. Rf1
Qe3 35. Rf2 f4 36. Bf3 Bf5 37. Qa4 Be4 38. Qd7+ Re7 39. Qd6 Bxf3+ 40. Rxf3 Qe2+
41. Rf2 Qe4+ 42. Rf3 Bg7 43. gxf4 Qe2+ 44. Kg3 Qe1+ 45. Rf2 Qg1+ 46. Kh3 Re3+
0-1

[Event "Portugal Open 2018"]
[Site "Lisboa POR"]
[Date "2018.02.04"]
[Round "4.99"]
[White "Silva, Ana Inês"]
[Black "Gaudin, Bruno"]
[Result "1-0"]
[WhiteElo "1873"]
[BlackElo "1635"]
[WhiteFideId "1932543"]
[BlackFideId "647861"]
[WhiteCountry "POR"]
[BlackCountry "FRA"]
[PlyCount "59"]
[EventDate "2018.??.??"]

1. e4 d6 2. d4 Nf6 3. Nc3 e5 4. Nf3 Nbd7 5. Bc4 Be7 6. O-O h6 7. h3 c6 8. Be3
Qc7 9. Bb3 Nf8 10. Qe2 Ne6 11. Rad1 O-O 12. d5 Nf4 13. Bxf4 exf4 14. Qd2 g5 15.
Rfe1 Nd7 16. Nd4 Nc5 17. Bc4 Nd7 18. dxc6 bxc6 19. Nxc6 Nb6 20. Bd5 Bb7 21.
Nxe7+ Qxe7 22. Bxb7 Qxb7 23. Qxd6 Kg7 24. e5 Rae8 25. Qf6+ Kh7 26. Rd6 Rh8 27.
Qxh6+ Kg8 28. Qxg5+ Kf8 29. Qxf4 Rg8 30. g3 1-0

[Event "Portugal Open 2018"]
[Site "Lisboa POR"]
[Date "2018.02.04"]
[Round "4.100"]
[White "Cohen, Lawrence"]
[Black "Oliveira, Fernando Alves"]
[Result "1-0"]
[WhiteElo "1866"]
[BlackElo "1604"]
[WhiteFideId "2026228"]
[BlackFideId "1947869"]
[WhiteCountry "USA"]
[BlackCountry "POR"]
[PlyCount "129"]
[EventDate "2018.??.??"]

1. c4 Nf6 2. g3 e6 3. Bg2 c6 4. d4 d5 5. cxd5 exd5 6. e3 Bb4+ 7. Bd2 Bg4 8. f3
Bxd2+ 9. Qxd2 Bf5 10. Nh3 O-O 11. O-O Nbd7 12. g4 Bg6 13. Nf4 Re8 14. Nxg6 hxg6
15. Nc3 Nb6 16. b3 Qe7 17. Rfe1 Qb4 18. Rad1 Re7 19. h3 Rae8 20. Kf2 Nc8 21. Re2
Qd6 22. e4 dxe4 23. fxe4 Qc7 24. e5 Nh7 25. Rde1 Nb6 26. h4 Qd8 27. h5 gxh5 28.
gxh5 Rd7 29. Re4 Ng5 30. Rg4 Ne6 31. Rd1 f5 32. exf6 Qxf6+ 33. Kg1 Qf5 34. Re4
Nd5 35. Re5 Qg4 36. Nxd5 Rxd5 37. Re4 Qxh5 38. Rde1 Qg6 39. b4 Rg5 40. Rxe6
Rxg2+ 41. Qxg2 Rxe6 42. Qxg6 Rxg6+ 43. Kf2 Kf7 44. Kf3 Re6 45. Rb1 b5 46. a4 a6
47. a5 Ke7 48. Rg1 g6 49. Rh1 Kd6 50. Rh8 Kd5 51. Ra8 c5 52. Rd8+ Kc4 53. bxc5
b4 54. Rd6 Re1 55. c6 Kd3 56. d5 b3 57. c7 Rc1 58. Rc6 b2 59. c8=Q Rf1+ 60. Kg2
b1=Q 61. Qxa6+ Kd4 62. Qxf1 Qe4+ 63. Qf3 Qe5 64. Qc3+ Kxd5 65. Rc5+ 1-0

[Event "Portugal Open 2018"]
[Site "Lisboa POR"]
[Date "2018.02.04"]
[Round "4.101"]
[White "Roxo, Agostinho"]
[Black "Moreira, Simao Chaves"]
[Result "1-0"]
[WhiteElo "1862"]
[BlackElo "1490"]
[WhiteFideId "1902890"]
[BlackFideId "1939351"]
[WhiteCountry "POR"]
[BlackCountry "POR"]
[PlyCount "81"]
[EventDate "2018.??.??"]

1. c4 e5 2. Nc3 Nc6 3. g3 Bc5 4. Bg2 d6 5. Nf3 Bf5 6. d3 Qd7 7. O-O Bh3 8. a3 a6
9. Rb1 Ba7 10. Nd5 Bxg2 11. Kxg2 h5 12. h4 Nd4 13. e3 Nxf3 14. Qxf3 O-O-O 15. b4
f6 16. e4 Rf8 17. Be3 Bxe3 18. Qxe3 Kb8 19. b5 a5 20. b6 c6 21. Nc7 Ne7 22. Qd2
Nc8 23. Qxa5 Nxb6 24. Rxb6 Qxc7 25. Rfb1 Kc8 26. Qa7 Rf7 27. a4 Qb8 28. Rxc6+
Rc7 29. Rxc7+ Kxc7 30. Qb6+ Kc8 31. a5 Qc7 32. Qb4 Rd8 33. Qd2 Kd7 34. Rb5 Ra8
35. Qb4 Kc8 36. c5 Ra6 37. cxd6 Qxd6 38. Qc4+ Qc7 39. Qg8+ Kd7 40. Qxg7+ Kc6 41.
Rc5+ 1-0

[Event "Portugal Open 2018"]
[Site "Lisboa POR"]
[Date "2018.02.04"]
[Round "4.102"]
[White "Santos, Ana P"]
[Black "Skalli, Taoufik"]
[Result "0-1"]
[WhiteElo "1534"]
[BlackElo "1858"]
[WhiteFideId "1921550"]
[BlackFideId "9004980"]
[WhiteCountry "POR"]
[BlackCountry "MAR"]
[PlyCount "88"]
[EventDate "2018.??.??"]

1. e4 c5 2. Nf3 g6 3. d4 cxd4 4. Nxd4 Nc6 5. Nc3 Bg7 6. Be3 Nf6 7. Bc4 Qa5 8.
Nxc6 bxc6 9. Qd2 O-O 10. f3 Rb8 11. Bb3 d6 12. O-O Re8 13. Qf2 Rb7 14. Rab1 Rc7
15. Bd2 Qh5 16. Ne2 Nd7 17. Ng3 Qh4 18. Be3 e6 19. Qd2 Qe7 20. Bf4 Ne5 21. Bg5
f6 22. Bf4 h5 23. Bh6 d5 24. Be3 Ba6 25. Rfe1 h4 26. Ne2 Rd8 27. Rbd1 Rcd7 28.
Nf4 g5 29. Nd3 Nc4 30. Qb4 Qxb4 31. Nxb4 Nxe3 32. Rxe3 Bb7 33. exd5 exd5 34.
Rde1 Bf8 35. Re6 Bxb4 36. c3 Bc5+ 37. Kh1 Kf7 38. Bc2 Bf2 39. R1e2 Bb6 40. Bf5
d4 41. cxd4 Bxd4 42. R6e4 c5 43. Re6 Be5 44. b3 Rd1+ 0-1

[Event "Portugal Open 2018"]
[Site "Lisboa POR"]
[Date "2018.02.04"]
[Round "4.103"]
[White "Machado, Tomás"]
[Black "Correia, Pedro Mourão"]
[Result "1-0"]
[WhiteElo "1852"]
[BlackElo "1520"]
[WhiteFideId "1946838"]
[BlackFideId "1959522"]
[WhiteCountry "POR"]
[BlackCountry "POR"]
[PlyCount "107"]
[EventDate "2018.??.??"]

1. e4 c6 2. d4 d5 3. Nc3 dxe4 4. Nxe4 Bf5 5. Ng3 Bg6 6. h4 h6 7. Nf3 Nd7 8. h5
Bh7 9. Bd3 Ngf6 10. Bxh7 Nxh7 11. Bf4 Nhf6 12. Qd3 e6 13. O-O Nd5 14. Bd2 Bd6
15. Rae1 Ne7 16. Qc3 Nf6 17. Ne5 Qc7 18. Qc4 Nfd5 19. f4 Rf8 20. Rf3 O-O-O 21.
Qa4 Kb8 22. Ba5 b6 23. Bd2 f6 24. Nd3 Qd7 25. Re2 g5 26. c4 Nxf4 27. Nxf4 Bxf4
28. Bxf4+ gxf4 29. Rxf4 Qd6 30. Ref2 f5 31. b4 Rg8 32. Qb3 e5 33. dxe5 Qxe5 34.
Nxf5 Nxf5 35. Rxf5 Qd4 36. R5f4 Qe5 37. Rf5 Qe4 38. Qc2 Qxc2 39. Rxc2 Rg4 40.
Rf6 Rh8 41. Rxc6 Rg5 42. c5 Kb7 43. cxb6 axb6 44. a4 Rxh5 45. b5 Rh7 46. Rd2 Rc5
47. Rxc5 bxc5 48. Rd6 h5 49. Rc6 Rc7 50. Rxc7+ Kxc7 51. Kf2 Kb6 52. Ke2 Ka5 53.
Kd3 Kb4 54. b6 1-0

[Event "Portugal Open 2018"]
[Site "Lisboa POR"]
[Date "2018.02.04"]
[Round "4.104"]
[White "Voges, Guilherme"]
[Black "Dumont, Vincent"]
[Result "1/2-1/2"]
[WhiteElo "1384"]
[BlackElo "1849"]
[WhiteFideId "1947680"]
[BlackFideId "206199"]
[WhiteCountry "POR"]
[BlackCountry "BEL"]
[PlyCount "76"]
[EventDate "2018.??.??"]

1. e4 e5 2. Nf3 Nc6 3. c3 d5 4. Bb5 Bg4 5. Qe2 Nge7 6. h3 Bxf3 7. Qxf3 a6 8.
Bxc6+ bxc6 9. d4 Ng6 10. Be3 Rb8 11. b3 exd4 12. cxd4 Bb4+ 13. Bd2 Qe7 14. Bxb4
Rxb4 15. O-O dxe4 16. Qc3 Qd6 17. Rd1 Nf4 18. Qe3 Rxd4 19. Nc3 Ne6 20. Rxd4 Qxd4
21. Qxd4 Nxd4 22. Rd1 Ne6 23. Nxe4 Ke7 24. Rc1 Kd7 25. Rd1+ Kc8 26. f3 Rd8 27.
Rc1 Kb7 28. Rc2 Rd5 29. Kf2 Kb6 30. Ke3 f5 31. Nd2 c5 32. Nc4+ Kb5 33. f4 Rd4
34. g3 Re4+ 35. Kd3 Nd4 36. Rf2 Nc6 37. Kc3 Nb4 38. Rd2 Nc6 1/2-1/2

[Event "Portugal Open 2018"]
[Site "Lisboa POR"]
[Date "2018.02.04"]
[Round "4.105"]
[White "Van Ginkel, Henk"]
[Black "Martins, Domingos"]
[Result "1-0"]
[WhiteElo "1849"]
[BlackElo "1223"]
[WhiteFideId "1036394"]
[BlackFideId "1947389"]
[WhiteCountry "NED"]
[BlackCountry "POR"]
[PlyCount "65"]
[EventDate "2018.??.??"]

1. e4 c5 2. Nc3 d6 3. g3 Nf6 4. Bg2 g6 5. d3 Bg7 6. f4 O-O 7. Nf3 Nc6 8. O-O Bg4
9. h3 Bxf3 10. Qxf3 Nd4 11. Qd1 Rb8 12. Be3 b5 13. Ne2 a5 14. Nxd4 cxd4 15. Bxd4
Nh5 16. Bxg7 Kxg7 17. g4 Nf6 18. Kh1 Kg8 19. Qd2 e6 20. f5 e5 21. Qh6 Rc8 22.
Rf2 Kh8 23. g5 Ng8 24. Qh4 h5 25. f6 Rb8 26. Bf3 Nxf6 27. gxf6 Rg8 28. Qg5 Kh7
29. Bxh5 Rh8 30. Rg1 Kg8 31. Bxg6 Rxh3+ 32. Kg2 Qd7 33. Bf5+ 1-0

[Event "Portugal Open 2018"]
[Site "Lisboa POR"]
[Date "2018.02.04"]
[Round "4.106"]
[White "Palhas, Miguel Brando"]
[Black "Mendes, Alberto"]
[Result "1-0"]
[WhiteElo "1323"]
[BlackElo "1672"]
[WhiteFideId "1961349"]
[BlackFideId "1901699"]
[WhiteCountry "POR"]
[BlackCountry "POR"]
[PlyCount "77"]
[EventDate "2018.??.??"]

1. Nf3 Nc6 2. d4 d5 3. c4 e6 4. Nc3 Bb4 5. e3 Nf6 6. Bd2 O-O 7. Bd3 dxc4 8. Bxc4
Bxc3 9. bxc3 Ne4 10. O-O Nxd2 11. Qxd2 b6 12. Rab1 Bb7 13. e4 Qc8 14. Qf4 Na5
15. Be2 Ba6 16. Rfe1 c6 17. Bd1 Bd3 18. Rb2 b5 19. Re3 Bc4 20. h4 a6 21. e5 Qd7
22. Ng5 h6 23. Ne4 Bd5 24. Nf6+ Kh8 25. Nxd7 Nc4 26. Nxf8 Rxf8 27. Rbe2 f5 28.
exf6 Rxf6 29. Qb8+ Kh7 30. Bc2+ g6 31. Qc7+ Kg8 32. Qd8+ Kg7 33. Qe7+ Rf7 34.
Qd8 Nxe3 35. Rxe3 Rf8 36. Qc7+ Rf7 37. Qg3 Rf6 38. Qe5 Kf7 39. Rg3 1-0

[Event "Portugal Open 2018"]
[Site "Lisboa POR"]
[Date "2018.02.04"]
[Round "4.107"]
[White "Asvestopoulou, Evdokia"]
[Black "Machado, Tiago"]
[Result "1-0"]
[WhiteElo "1685"]
[BlackElo "1491"]
[WhiteFideId "4219198"]
[BlackFideId "1953699"]
[WhiteCountry "GRE"]
[BlackCountry "POR"]
[PlyCount "71"]
[EventDate "2018.??.??"]

1. d4 Nf6 2. c4 e6 3. Nf3 Bb4+ 4. Bd2 Bxd2+ 5. Qxd2 b6 6. Nc3 Bb7 7. g3 d6 8.
Bg2 Nbd7 9. O-O Ne4 10. Nxe4 Bxe4 11. Rfd1 O-O 12. Rac1 Nf6 13. Qf4 Qe7 14. h4
Bb7 15. Bh3 Ne4 16. g4 Qf6 17. Qe3 Qe7 18. Rc2 c5 19. g5 d5 20. Rdc1 Rac8 21.
cxd5 Bxd5 22. dxc5 Rxc5 23. Rxc5 Nxc5 24. a3 Bxf3 25. Qxf3 Qd6 26. b4 Nd7 27.
Qe4 Ne5 28. Bg2 Rd8 29. Rc3 Qd1+ 30. Bf1 Qd6 31. e3 Qd1 32. Qxe5 h6 33. Rc4 hxg5
34. Qxg5 f6 35. Qg4 Qd5 36. Rd4 1-0

[Event "Portugal Open 2018"]
[Site "Lisboa POR"]
[Date "2018.02.04"]
[Round "4.108"]
[White "Santos, Ruben"]
[Black "Encarnação, Filipe"]
[Result "1/2-1/2"]
[WhiteElo "1669"]
[BlackElo "1398"]
[WhiteFideId "1952838"]
[BlackFideId "1942018"]
[WhiteCountry "POR"]
[BlackCountry "POR"]
[PlyCount "123"]
[EventDate "2018.??.??"]

1. a3 d5 2. d4 Nf6 3. Bf4 Bf5 4. e3 e6 5. Nf3 Bd6 6. Bg3 Ne4 7. Bd3 Nxg3 8. hxg3
Bxd3 9. Qxd3 h6 10. Nbd2 Qd7 11. g4 Rf8 12. g5 hxg5 13. Nxg5 c5 14. Qh7 f6 15.
Qg6+ Kd8 16. Nh7 Re8 17. g4 Nc6 18. dxc5 Bxc5 19. g5 f5 20. Qh5 Kc7 21. g6 d4
22. O-O-O dxe3 23. Nc4 Qe7 24. b4 b5 25. Nxe3 Bxe3+ 26. fxe3 Rad8 27. Qg5 Qxg5
28. Nxg5 Rxd1+ 29. Rxd1 Ne5 30. Kb1 Nxg6 31. Nf7 Re7 32. Nd6 a6 33. c4 bxc4 34.
Nxc4 Rd7 35. Rc1 Kb7 36. Na5+ Ka7 37. Nc6+ Kb7 38. Nd4 Nf8 39. a4 Rc7 40. Re1
Rc4 41. b5 Rxa4 42. bxa6+ Rxa6 43. Rh1 g6 44. Rh8 Nd7 45. Rh7 Kc8 46. Re7 e5 47.
Ne6 Nf6 48. Nf8 Ng4 49. Nd7 e4 50. Rg7 Nxe3 51. Ne5 Kd8 52. Nxg6 Rxg6 53. Rxg6
Ke7 54. Kc1 Nd5 55. Kd2 Nf6 56. Ke3 Kf7 57. Rg1 Ke6 58. Kd4 Ng4 59. Rxg4 fxg4
60. Kxe4 g3 61. Kf3 g2 62. Kxg2 1/2-1/2

[Event "Portugal Open 2018"]
[Site "Lisboa POR"]
[Date "2018.02.04"]
[Round "4.109"]
[White "Rupérez Benito, Yaiza"]
[Black "Fortunato, António"]
[Result "0-1"]
[WhiteElo "1503"]
[BlackElo "1651"]
[WhiteFideId "22297626"]
[BlackFideId "1941810"]
[WhiteCountry "ESP"]
[BlackCountry "POR"]
[PlyCount "74"]
[EventDate "2018.??.??"]

1. e4 e6 2. d4 d5 3. exd5 exd5 4. Bd3 c5 5. c3 c4 6. Bc2 Bd6 7. Nf3 Bg4 8. Nbd2
Nf6 9. O-O O-O 10. Re1 Nc6 11. Nf1 Qc7 12. Ng3 Rfe8 13. Be3 Ne4 14. Qe2 f5 15.
Nf1 f4 16. Bd2 Ng5 17. Qd1 Nxf3+ 18. gxf3 Bh3 19. Qb1 g6 20. b3 b5 21. Qb2 Qg7
22. bxc4 g5 23. Qxb5 Ne7 24. Bd1 g4 25. fxg4 Bxg4 26. Bxg4 Qxg4+ 27. Kh1 Qf3+
28. Kg1 Kh8 29. Bxf4 Bxf4 30. cxd5 Rg8+ 31. Ng3 Bxg3 32. fxg3 Rxg3+ 33. hxg3
Qxg3+ 34. Kh1 Qh3+ 35. Kg1 Rg8+ 36. Kf2 Rg2+ 37. Kf1 Qh1# 0-1

[Event "Portugal Open 2018"]
[Site "Lisboa POR"]
[Date "2018.02.04"]
[Round "4.110"]
[White "Blum, Ulrike"]
[Black "Amaral, Fernando"]
[Result "0-1"]
[WhiteElo "1326"]
[BlackElo "1518"]
[WhiteFideId "22238832"]
[BlackFideId "1931288"]
[WhiteCountry "ESP"]
[BlackCountry "POR"]
[PlyCount "46"]
[EventDate "2018.??.??"]

1. c4 e5 2. g3 Nc6 3. Bg2 Nf6 4. Nf3 b6 5. O-O Bb7 6. Nxe5 Nxe5 7. Bxb7 Rb8 8.
Bg2 Nxc4 9. d3 Ne5 10. Bf4 Ng6 11. Bd2 Be7 12. Nc3 O-O 13. Nd5 Nxd5 14. Bxd5 Bf6
15. Qc2 Re8 16. Rfe1 c6 17. Bg2 Qc7 18. Rac1 Re7 19. b4 Rbe8 20. e4 h5 21. h4
Qd6 22. a3 Ne5 23. Bf1 Nf3+ 0-1